La regulacin̤ de las interconexiones elčtricas en Europa

Bibliographic Details
Main Author: Leiva Lp̤ez, Alejandro D.
Format: eBook
Language:Spanish
Published: Madrid: Marcial Pons, 2020
Subjects:
Online Access:Acceso restringido

MARC

LEADER 00000nam a22000007a 4500
005 20211222211254.0
007 cr|||| ||||
008 211222s2020 eu |||||s|||| 00||0 spa d
020 |a 978-84-9123-963-5 
035 |a 33660 
040 |a vLex 
090 |c 12770  |d 12770 
100 1 |a Leiva Lp̤ez, Alejandro D. 
245 1 2 |a La regulacin̤ de las interconexiones elčtricas en Europa  |h [Recurso electrn̤ico] /  |c Alejandro D. Leiva Lp̤ez 
256 |a Servicio en ln̕ea 
260 |a Madrid:  |b Marcial Pons,  |c 2020 
300 |a 1 recurso electrn̤ico 
500 |a La presente obra aborda la regulacin̤ jurd̕ica de las interconexiones europeas de electricidad en el actual escenario regulatorio y de transicin̤ energťica. Los intercambios transfronterizos de electricidad van a aportar a cada pas̕ implicado una mayor seguridad de suministro y un aumento de la eficiencia, as ̕como un mayor nivel de competencia entre sistemas elčtricos europeos y de integracin̤ de energa̕s renovables. Como ponemos de manifiesto, estos intercambios energťicos europeos aportan numerosos beneficios, especialmente a pas̕es perifřicos -como Espaą- para los que las redes transeuropeas de electricidad se convierten en una pieza clave para el desarrollo de un sistema elčtrico seguro y estable que cubra las necesidades de suministro en cada momento. As ̕pues, examinamos el marco normativo relativo a las interconexiones elčtricas en Europa, centrando el foco de atencin̤ en el papel que juegan las distintas instituciones protagonistas, en el modelo de cooperacin̤ regional definido en la normativa europea que integra el denominado Winter Package y en las normas sobre gestin̤ de las redes transeuropeas de electricidad (cd̤igos de red europeos y directrices de la Comisin̤). 
506 1 |a Disponible solo en los productos indicados  |d vLex Global  |d vLex Global (Academic Edition, excluding Law Schools)  |d vLex Global (U.S. Academic Edition, Law Schools)  |d vLex Global (U.S. Academic Edition, excluding Law Schools)  |d vLex Global (Academic Edition, Law Schools) 
650 0 4 |a Actividad Administrativa  |z Unin̤ Europea 
650 0 4 |a Industria  |z Unin̤ Europea 
650 0 4 |a Energa̕  |z Unin̤ Europea 
650 0 4 |a Derecho Comunitario  |z Unin̤ Europea 
740 0 |a vLex Libros (Servicio en ln̕ea) 
856 4 0 |u https://app.vlex.com/#/sources/33660  |z Acceso restringido 
942 |c BOOK 
999 0 |a Administrative Activity 
999 0 |a Industry 
999 0 |a Energy 
999 0 |a Community Law